MARC details
| 000 -LEADER |
| fixed length control field |
01644cam a22003975a 4500 |
| 003 - CONTROL NUMBER IDENTIFIER |
| control field |
EG-ScBUE |
| 005 - DATE AND TIME OF LATEST TRANSACTION |
| control field |
20211223120030.0 |
| 008 - FIXED-LENGTH DATA ELEMENTS--GENERAL INFORMATION |
| fixed length control field |
150816t1991 nyua f b 001 0 eng d |
| 020 ## - INTERNATIONAL STANDARD BOOK NUMBER |
| International Standard Book Number |
0805785531 (pbk.) |
| 040 ## - CATALOGING SOURCE |
| Original cataloging agency |
EG-ScBUE |
| Language of cataloging |
eng |
| Description conventions |
rda |
| Transcribing agency |
EG-ScBUE |
| Modifying agency |
EG-ScBUE |
| 082 04 - DEWEY DECIMAL CLASSIFICATION NUMBER |
| Classification number |
823.8 |
| Item number |
RAC |
| Edition number |
22 |
| 100 1# - MAIN ENTRY--PERSONAL NAME |
| Personal name |
Rackin, Donald, |
| Relator term |
author. |
| 245 10 - TITLE STATEMENT |
| Title |
Alice's adventures in wonderland and through the looking glass : |
| Remainder of title |
nonsense, sense, and meaning / |
| Statement of responsibility, etc |
Donald Rackin. |
| 264 #1 - PUBLICATION, DISTRIBUTION, ETC. (IMPRINT) |
| Place of publication, distribution, etc |
New York : |
| Name of publisher, distributor, etc |
Twayne Publishers, |
| Date of publication, distribution, etc |
[1991] |
| 264 #4 - PUBLICATION, DISTRIBUTION, ETC. (IMPRINT) |
| Date of publication, distribution, etc |
c1991 |
| 300 ## - PHYSICAL DESCRIPTION |
| Extent |
xvii, 179 pages : |
| Other physical details |
illustrations ; |
| Dimensions |
23 cm. |
| 336 ## - CONTENT TYPE |
| Source |
rdacontent |
| Content type term |
text |
| Content type code |
txt |
| 337 ## - MEDIA TYPE |
| Source |
rdamedia |
| Media type term |
unmediated |
| Media type code |
n |
| 338 ## - CARRIER TYPE |
| Source |
rdacarrier |
| Carrier type term |
volume |
| Carrier type code |
nc |
| 490 0# - SERIES STATEMENT |
| Series statement |
Twayne's masterwork studies ; |
| Volume number/sequential designation |
no. 81 |
| 504 ## - BIBLIOGRAPHY, ETC. NOTE |
| Bibliography, etc |
Includes bibliographical references and index. |
| 590 ## - LOCAL NOTE (RLIN) |
| Local note |
Mohamed Hussein |
| 600 17 - SUBJECT ADDED ENTRY--PERSONAL NAME |
| Personal name |
Carroll, Lewis, |
| Dates associated with a name |
1832-1898. |
| Title of a work |
Alice's adventures in Wonderland. |
| Source of heading or term |
BUEsh |
| 600 17 - SUBJECT ADDED ENTRY--PERSONAL NAME |
| Personal name |
Carroll, Lewis, |
| Dates associated with a name |
1832-1898. |
| Title of a work |
Through the looking glass. |
| Source of heading or term |
BUEsh |
| 650 #7 - SUBJECT ADDED ENTRY--TOPICAL TERM |
| Topical term or geographic name as entry element |
Children |
| General subdivision |
Books and reading |
| Geographic subdivision |
Great Britain |
| General subdivision |
History |
| Chronological subdivision |
19th century. |
| Source of heading or term |
BUEsh |
| 650 #7 - SUBJECT ADDED ENTRY--TOPICAL TERM |
| Topical term or geographic name as entry element |
Nonsense literature, English |
| General subdivision |
History and criticism. |
| Source of heading or term |
BUEsh |
| 650 #7 - SUBJECT ADDED ENTRY--TOPICAL TERM |
| Topical term or geographic name as entry element |
Children's stories, English |
| General subdivision |
History and criticism. |
| Source of heading or term |
BUEsh |
| 9 (RLIN) |
40119 |
| 650 #7 - SUBJECT ADDED ENTRY--TOPICAL TERM |
| Topical term or geographic name as entry element |
Fantasy fiction, English |
| General subdivision |
History and criticism. |
| Source of heading or term |
BUEsh |
| 650 #7 - SUBJECT ADDED ENTRY--TOPICAL TERM |
| Topical term or geographic name as entry element |
Alice (Fictitious character : Carroll) |
| Source of heading or term |
BUEsh |
| 650 #7 - SUBJECT ADDED ENTRY--TOPICAL TERM |
| Topical term or geographic name as entry element |
Meaning (Philosophy) in literature. |
| Source of heading or term |
BUEsh |
| 650 #7 - SUBJECT ADDED ENTRY--TOPICAL TERM |
| Topical term or geographic name as entry element |
Children in literature. |
| Source of heading or term |
BUEsh |
| 651 ## - SUBJECT ADDED ENTRY--GEOGRAPHIC NAME |
| Source of heading or term |
BUEsh |
| 653 ## - INDEX TERM--UNCONTROLLED |
| Arrived date list |
August2015 |
| Resource For college |
Humanities: English |
| 655 ## - INDEX TERM--GENRE/FORM |
| Form subdivision |
Reading book |
| 9 (RLIN) |
34232 |
| 942 ## - ADDED ENTRY ELEMENTS (KOHA) |
| Koha item type |
Book - Borrowing |
| Call number prefix |
823.8 RAC |
| Source of classification or shelving scheme |
Dewey Decimal Classification |